[Event "Stay Safe Play From Home 243"]
[Site "Emanuel Lasker Arena"]
[Date "2020.06.21"]
[Round "5"]
[White "Dave_H"]
[Black "Don59as"]
[Result "0-1"]
[WhiteElo "1864"]
[BlackElo "2081"]
[Annotator "NA"]
[PlyCount "66"]
[EventDate "2020.06.21"]
[EventType "swiss (blitz)"]
[WhiteTeam "SK Vellmar"]

{Halt, David (2088)} 1. e4 {[%emt 0:00:02]} e5 {[%emt 0:00:01]} 2. Nf3 {[%emt 0:00:02]} Nc6 {[%emt 0:00:01]} 3. Bb5 {[%emt 0:00:04]} f5 {[%emt 0:00:04]} 4. Nc3 {[%emt 0:00:04]} Nf6 {[%emt 0:00:01]} 5. Qe2 {[%emt 0:00:08]} Qe7 {[%emt 0:00:02]} 6. d3 {[%emt 0:00:06]} d6 {[%emt 0:00:07]} 7. Bg5 {[%emt 0:00:11]} a6 {[%emt 0:00:07]} 8. Nd5 {[%emt 0:00:03]} Qf7 {[%emt 0:00:05]} 9. Bc4 {[%emt 0:00:11]} Nxd5 {[%emt 0:00:05]} 10. Bxd5 {[%emt 0:00:03]} Be6 {[%emt 0:00:01]} 11. c4 {[%emt 0:00:07]} h6 {[%emt 0:00:08]} 12. Bd2 {[%emt 0:00:05]} Be7 {[%emt 0:00:06]} 13. b4 {[%emt 0:00:07]} O-O {[%emt 0:00:08]} 14. a4 {[%emt 0:00:18]} Bxd5 {[%emt 0:00:24]} 15. cxd5 {[%emt 0:00:04]} Nd4 {[%emt 0:00:07]} 16. Nxd4 {[%emt 0:00:02]} exd4 {[%emt 0:00:00]} 17. Rc1 {[%emt 0:00:12]} Bf6 {[%emt 0:00:26]} 18. O-O {[%emt 0:00:06]} Rae8 {[%emt 0:00:04]} 19. f3 {[%emt 0:00:09]} Re7 {[%emt 0:00:25]} 20. Qf2 {[%emt 0:00:12]} Qg6 {[%emt 0:00:02]} 21. Bf4 {[%emt 0:00:10]} fxe4 {[%emt 0:00:08]} 22. dxe4 {[%emt 0:00:03]} Be5 {[%emt 0:00:07]} 23. Bxe5 {[%emt 0:00:04]} dxe5 {[%emt 0:00:01]} 24. Rc4 {[%emt 0:00:12]} Ref7 {[%emt 0:00:05]} 25. Qc2 {[%emt 0:00:05]} Rxf3 {[%emt 0:00:14]} 26. Rxf3 {[%emt 0:00:06]} Rxf3 {[%emt 0:00:01]} 27. Rxc7 {[%emt 0:00:01]} Re3 {[%emt 0:00:07]} 28. Rc8+ {[%emt 0:00:08]} Kh7 {[%emt 0:00:02]} 29. h3 {[%emt 0:00:15]} d3 {[%emt 0:00:07]} 30. Qd2 {[%emt 0:00:39]} Qxe4 {[%emt 0:00:09]} 31. Qf2 {[%emt 0:00:20]} Re2 {[%emt 0:00:11]} 32. Qg3 {[%emt 0:00:07]} d2 {[%emt 0:00:10]} 33. Kh2 {[%emt 0:00:07]} Qf4 {[%emt 0:00:09] Dave_H gibt auf (Lag: Av=0.49s, max=0.7s)} 0-1

[Event "Stay Safe Play From Home 243"]
[Site "Emanuel Lasker Arena"]
[Date "2020.06.21"]
[Round "5"]
[White "Haris kollari 13"]
[Black "Tunca"]
[Result "1-0"]
[WhiteElo "1855"]
[BlackElo "1659"]
[Annotator "NA"]
[PlyCount "123"]
[EventDate "2020.06.21"]
[EventType "swiss (blitz)"]

1. e4 {[%emt 0:00:01]} Nf6 {[%emt 0:00:02]} 2. e5 {[%emt 0:00:01]} Nd5 {[%emt 0:00:02]} 3. c4 {[%emt 0:00:00]} Nb6 {[%emt 0:00:01]} 4. d4 {[%emt 0:00:00]} d6 {[%emt 0:00:01]} 5. f4 {[%emt 0:00:01]} g6 {[%emt 0:00:02]} 6. Nf3 {[%emt 0:00:02]} Bg7 {[%emt 0:00:00]} 7. Nc3 {[%emt 0:00:02]} O-O {[%emt 0:00:01]} 8. Be2 {[%emt 0:00:03]} Nc6 {[%emt 0:00:04]} 9. Be3 {[%emt 0:00:04]} Bg4 {[%emt 0:00:09]} 10. d5 {[%emt 0:00:01]} Nb8 {[%emt 0:00:08]} 11. Bd4 {[%emt 0:00:05]} Bxf3 {[%emt 0:00:03]} 12. gxf3 {[%emt 0:00:02]} N8d7 {[%emt 0:00:07]} 13. exd6 {[%emt 0:00:15]} cxd6 {[%emt 0:00:12]} 14. Bxg7 {[%emt 0:00:03]} Kxg7 {[%emt 0:00:00]} 15. Qd4+ {[%emt 0:00:01]} Kg8 {[%emt 0:00:20]} 16. O-O-O {[%emt 0:00:01]} Rc8 {[%emt 0:00:05]} 17. Kb1 {[%emt 0:00:01]} Qc7 {[%emt 0:00:09]} 18. h4 {[%emt 0:00:04]} Qc5 {[%emt 0:00:02]} 19. Qd3 {[%emt 0:00:06]} Nxc4 {[%emt 0:00:13]} 20. f5 {[%emt 0:00:17]} Nde5 {[%emt 0:00:08]} 21. Qe4 {[%emt 0:00:06]} Nxb2 {[%emt 0:00:08]} 22. Rc1 {[%emt 0:00:11]} Qb6 {[%emt 0:00:15]} 23. Ka1 {[%emt 0:00:08]} Nbc4 {[%emt 0:00:05]} 24. Rb1 {[%emt 0:00:04]} Qe3 {[%emt 0:00:09]} 25. Rbc1 {[%emt 0:00:21]} Qxe4 {[%emt 0:00:16]} 26. fxe4 {[%emt 0:00:01]} Nb6 {[%emt 0:00:23]} 27. h5 {[%emt 0:00:03]} Rc7 {[%emt 0:00:17]} 28. hxg6 {[%emt 0:00:04]} hxg6 {[%emt 0:00:02]} 29. Nb5 {[%emt 0:00:08]} Rxc1+ {[%emt 0:00:02]} 30. Rxc1 {[%emt 0:00:01]} a6 {[%emt 0:00:02]} 31. Nd4 {[%emt 0:00:02]} Rc8 {[%emt 0:00:04]} 32. Rxc8+ {[%emt 0:00:03]} Nxc8 {[%emt 0:00:00]} 33. fxg6 {[%emt 0:00:01]} Nxg6 {[%emt 0:00:02]} 34. Kb2 {[%emt 0:00:05]} Kg7 {[%emt 0:00:01]} 35. Kc3 {[%emt 0:00:01]} Kf6 {[%emt 0:00:04]} 36. Nf3 {[%emt 0:00:03]} Ne5 {[%emt 0:00:03]} 37. Nd4 {[%emt 0:00:05]} Nb6 {[%emt 0:00:02]} 38. Kb4 {[%emt 0:00:02]} Nbd7 {[%emt 0:00:03]} 39. Ka5 {[%emt 0:00:04]} Nc5 {[%emt 0:00:09]} 40. Kb6 {[%emt 0:00:03]} Ned7+ {[%emt 0:00:04]} 41. Kc7 {[%emt 0:00:02]} b5 {[%emt 0:00:05]} 42. Nc6 {[%emt 0:00:02]} Ne5 {[%emt 0:00:07]} 43. Kd8 {[%emt 0:00:04]} e6 {[%emt 0:00:11]} 44. Kc7 {[%emt 0:00:05]} exd5 {[%emt 0:00:07]} 45. exd5 {[%emt 0:00:02]} Ne4 {[%emt 0:00:24]} 46. Kb6 {[%emt 0:00:04]} Kf5 {[%emt 0:00:02]} 47. Kxa6 {[%emt 0:00:01]} Kf4 {[%emt 0:00:01]} 48. Kxb5 {[%emt 0:00:01]} f5 {[%emt 0:00:02]} 49. a4 {[%emt 0:00:02]} Nc3+ {[%emt 0:00:01]} 50. Kb4 {[%emt 0:00:03]} Nxe2 {[%emt 0:00:00]} 51. a5 {[%emt 0:00:01]} Nxc6+ {[%emt 0:00:00]} 52. dxc6 {[%emt 0:00:01]} Nd4 {[%emt 0:00:00]} 53. c7 {[%emt 0:00:02]} Nc6+ {[%emt 0:00:01]} 54. Kc4 {[%emt 0:00:01]} Na7 {[%emt 0:00:00]} 55. Kd5 {[%emt 0:00:03]} Ke3 {[%emt 0:00:01]} 56. Kxd6 {[%emt 0:00:01]} f4 {[%emt 0:00:00]} 57. Kd7 {[%emt 0:00:00]} f3 {[%emt 0:00:01]} 58. c8=Q {[%emt 0:00:00]} Nxc8 {[%emt 0:00:01]} 59. Kxc8 {[%emt 0:00:00]} f2 {[%emt 0:00:00]} 60. a6 {[%emt 0:00:00]} f1=Q {[%emt 0:00:00]} 61. a7 {[%emt 0:00:00]} Qa1 {[%emt 0:00:00]} 62. Kb7 {[%emt 0:00:01] (Lag: Av=0.41s, max=0.7s)} 1-0

[Event "Stay Safe Play From Home 243"]
[Site "Emanuel Lasker Arena"]
[Date "2020.06.21"]
[Round "5"]
[White "Matanant"]
[Black "Timbre"]
[Result "1/2-1/2"]
[WhiteElo "1807"]
[BlackElo "1674"]
[Annotator "NA"]
[PlyCount "72"]
[EventDate "2020.06.21"]
[EventType "swiss (blitz)"]

1. e4 {[%emt 0:00:03]} c6 {[%emt 0:00:04]} 2. d4 {[%emt 0:00:01]} d5 {[%emt 0:00:01]} 3. Nd2 {[%emt 0:00:00]} dxe4 {[%emt 0:00:01]} 4. Nxe4 {[%emt 0:00:01]} Bf5 {[%emt 0:00:01]} 5. Ng3 {[%emt 0:00:01]} Bg6 {[%emt 0:00:01]} 6. h4 {[%emt 0:00:00]} h6 {[%emt 0:00:02]} 7. h5 {[%emt 0:00:01]} Bh7 {[%emt 0:00:01]} 8. Nf3 {[%emt 0:00:00]} Nd7 {[%emt 0:00:03]} 9. Bd3 {[%emt 0:00:00]} Bxd3 {[%emt 0:00:03]} 10. Qxd3 {[%emt 0:00:00]} Ngf6 {[%emt 0:00:02]} 11. O-O {[%emt 0:00:00]} e6 {[%emt 0:00:02]} 12. Re1 {[%emt 0:00:01]} Be7 {[%emt 0:00:02]} 13. c4 {[%emt 0:00:05]} O-O {[%emt 0:00:02]} 14. b3 {[%emt 0:00:01]} Bd6 {[%emt 0:00:03]} 15. Ne5 {[%emt 0:00:08]} Qc7 {[%emt 0:00:10]} 16. Bf4 {[%emt 0:00:02]} Rad8 {[%emt 0:00:04]} 17. Qe2 {[%emt 0:00:04]} c5 {[%emt 0:00:06] Matanant reconnected.} 18. dxc5 {[%emt 0:00:08]} Nxc5 {[%emt 0:00:04]} 19. b4 {[%emt 0:00:20]} Ncd7 {[%emt 0:00:03]} 20. c5 {[%emt 0:00:02]} Bxe5 {[%emt 0:00:02]} 21. Bxe5 {[%emt 0:00:01]} Nxe5 {[%emt 0:00:03]} 22. Qxe5 {[%emt 0:00:01]} Qc6 {[%emt 0:00:05]} 23. a4 {[%emt 0:00:05]} Rd5 {[%emt 0:00:02]} 24. Qe2 {[%emt 0:00:12]} Rfd8 {[%emt 0:00:04]} 25. Qb5 {[%emt 0:00:04]} Qc7 {[%emt 0:00:06]} 26. Qe2 {[%emt 0:00:10]} Qf4 {[%emt 0:00:02]} 27. Qb5 {[%emt 0:00:12]} Qh4 {[%emt 0:00:07]} 28. Qxb7 {[%emt 0:00:09]} Ng4 {[%emt 0:00:04]} 29. c6 {[%emt 0:00:23]} Nxf2 {[%emt 0:00:08]} 30. Kxf2 {[%emt 0:00:03]} Rd2+ {[%emt 0:00:09]} 31. Kg1 {[%emt 0:00:23]} Qxg3 {[%emt 0:00:07]} 32. c7 {[%emt 0:00:01]} Qf2+ {[%emt 0:00:10]} 33. Kh1 {[%emt 0:00:04]} Qh4+ {[%emt 0:00:05]} 34. Kg1 {[%emt 0:00:01]} Qf2+ {[%emt 0:00:01]} 35. Kh2 {[%emt 0:00:01]} Qh4+ {[%emt 0:00:03]} 36. Kg1 {[%emt 0:00:01]} Qf2+ {[%emt 0:00:01] (Lag: Av=0.77s, max=1.3s)} 1/2-1/2

[Event "Stay Safe Play From Home 243"]
[Site "Emanuel Lasker Arena"]
[Date "2020.06.21"]
[Round "5"]
[White "Tvtower68"]
[Black "Greblha"]
[Result "0-1"]
[WhiteElo "1772"]
[BlackElo "1895"]
[Annotator "NA"]
[PlyCount "104"]
[EventDate "2020.06.21"]
[EventType "swiss (blitz)"]

1. e4 {[%emt 0:00:02]} c6 {[%emt 0:00:00]} 2. Nf3 {[%emt 0:00:01]} d5 {[%emt 0:00:00]} 3. e5 {[%emt 0:00:01]} Bg4 {[%emt 0:00:02]} 4. Be2 {[%emt 0:00:01]} e6 {[%emt 0:00:01]} 5. a3 {[%emt 0:00:01]} Ne7 {[%emt 0:00:01]} 6. d3 {[%emt 0:00:03]} Nd7 {[%emt 0:00:02]} 7. Bg5 {[%emt 0:00:01]} Qb6 {[%emt 0:00:02]} 8. b4 {[%emt 0:00:03]} c5 {[%emt 0:00:01]} 9. O-O {[%emt 0:00:10]} cxb4 {[%emt 0:00:06]} 10. axb4 {[%emt 0:00:01]} Qxb4 {[%emt 0:00:05]} 11. c3 {[%emt 0:00:01]} Qb6 {[%emt 0:00:32]} 12. d4 {[%emt 0:00:04]} h6 {[%emt 0:00:08]} 13. Be3 {[%emt 0:00:06]} Nf5 {[%emt 0:00:07]} 14. Bd2 {[%emt 0:00:02]} Qb2 {[%emt 0:00:10]} 15. Qa4 {[%emt 0:00:14]} Bxf3 {[%emt 0:00:16]} 16. Bxf3 {[%emt 0:00:03]} b5 {[%emt 0:00:11]} 17. Qa6 {[%emt 0:00:08]} Be7 {[%emt 0:00:09]} 18. Ra2 {[%emt 0:00:21]} Qb3 {[%emt 0:00:04]} 19. Bd1 {[%emt 0:00:15]} Qc4 {[%emt 0:00:04]} 20. Na3 {[%emt 0:00:07]} Qxa2 {[%emt 0:00:05]} 21. Nxb5 {[%emt 0:00:07]} Qxa6 {[%emt 0:00:03]} 22. Nc7+ {[%emt 0:00:01]} Kd8 {[%emt 0:00:03]} 23. Nxa6 {[%emt 0:00:01]} Nb6 {[%emt 0:00:07]} 24. g4 {[%emt 0:00:06]} Nh4 {[%emt 0:00:05]} 25. f3 {[%emt 0:00:01]} Nc4 {[%emt 0:00:11]} 26. Be1 {[%emt 0:00:02]} Ne3 {[%emt 0:00:23]} 27. Bxh4 {[%emt 0:00:11]} Bxh4 {[%emt 0:00:01]} 28. Ba4 {[%emt 0:00:13]} Nxf1 {[%emt 0:00:05]} 29. Kxf1 {[%emt 0:00:01]} Rc8 {[%emt 0:00:09]} 30. Nc5 {[%emt 0:00:11]} Rxc5 {[%emt 0:00:05]} 31. dxc5 {[%emt 0:00:01]} Kc7 {[%emt 0:00:01]} 32. Ke2 {[%emt 0:00:03]} Rb8 {[%emt 0:00:01]} 33. Kd3 {[%emt 0:00:05]} Be7 {[%emt 0:00:02]} 34. Kd4 {[%emt 0:00:18]} Rb2 {[%emt 0:00:03]} 35. Be8 {[%emt 0:00:02]} f6 {[%emt 0:00:02]} 36. Bf7 {[%emt 0:00:06]} fxe5+ {[%emt 0:00:01]} 37. Kxe5 {[%emt 0:00:01]} Re2+ {[%emt 0:00:01]} 38. Kd4 {[%emt 0:00:04]} a5 {[%emt 0:00:03]} 39. h4 {[%emt 0:00:04]} a4 {[%emt 0:00:01]} 40. Kd3 {[%emt 0:00:08]} Re1 {[%emt 0:00:02]} 41. Kd2 {[%emt 0:00:01]} Re5 {[%emt 0:00:01]} 42. f4 {[%emt 0:00:01]} Re4 {[%emt 0:00:01]} 43. Bg6 {[%emt 0:00:03]} Rxf4 {[%emt 0:00:02]} 44. Bc2 {[%emt 0:00:04]} a3 {[%emt 0:00:02]} 45. Bb3 {[%emt 0:00:01]} Bxc5 {[%emt 0:00:01]} 46. c4 {[%emt 0:00:04]} dxc4 {[%emt 0:00:02]} 47. Ba2 {[%emt 0:00:01]} Bb4+ {[%emt 0:00:01]} 48. Ke3 {[%emt 0:00:01]} Rxg4 {[%emt 0:00:01]} 49. h5 {[%emt 0:00:02]} Kd6 {[%emt 0:00:02]} 50. Kf3 {[%emt 0:00:01]} Rd4 {[%emt 0:00:02]} 51. Ke3 {[%emt 0:00:01]} Kc5 {[%emt 0:00:01]} 52. Ke2 {[%emt 0:00:03]} Rd2+ {[%emt 0:00:01] Tvtower68 resigns (Lag: Av=0.36s, max=0.8s)} 0-1

[Event "Stay Safe Play From Home 243"]
[Site "Emanuel Lasker Arena"]
[Date "2020.06.21"]
[Round "5"]
[White "Dukic"]
[Black "Josey wales"]
[Result "1-0"]
[WhiteElo "1763"]
[BlackElo "1884"]
[Annotator "NA"]
[PlyCount "77"]
[EventDate "2020.06.21"]
[EventType "swiss (blitz)"]

1. c4 {[%emt 0:00:04]} d6 {[%emt 0:00:01]} 2. Nc3 {[%emt 0:00:02]} Nf6 {[%emt 0:00:01]} 3. Nf3 {[%emt 0:00:01]} e6 {[%emt 0:00:01]} 4. g3 {[%emt 0:00:01]} Nbd7 {[%emt 0:00:00]} 5. Bg2 {[%emt 0:00:01]} c6 {[%emt 0:00:01]} 6. d4 {[%emt 0:00:01]} Nb6 {[%emt 0:00:01]} 7. b3 {[%emt 0:00:03]} Bd7 {[%emt 0:00:01]} 8. O-O {[%emt 0:00:02]} Be7 {[%emt 0:00:01]} 9. e4 {[%emt 0:00:02]} O-O {[%emt 0:00:01]} 10. e5 {[%emt 0:00:02]} Ne8 {[%emt 0:00:02]} 11. Qe2 {[%emt 0:00:03]} d5 {[%emt 0:00:01]} 12. c5 {[%emt 0:00:04]} Nc8 {[%emt 0:00:01]} 13. Be3 {[%emt 0:00:10]} f6 {[%emt 0:00:01]} 14. b4 {[%emt 0:00:06]} a6 {[%emt 0:00:01]} 15. Ne1 {[%emt 0:00:16]} f5 {[%emt 0:00:02]} 16. f4 {[%emt 0:00:02]} g6 {[%emt 0:00:07]} 17. Nd3 {[%emt 0:00:08]} Ng7 {[%emt 0:00:01]} 18. h3 {[%emt 0:00:02]} h5 {[%emt 0:00:03]} 19. Bf3 {[%emt 0:00:05]} Kf7 {[%emt 0:00:03]} 20. Bf2 {[%emt 0:00:04]} Rh8 {[%emt 0:00:01]} 21. a4 {[%emt 0:00:05]} a5 {[%emt 0:00:03]} 22. b5 {[%emt 0:00:02]} Bf8 {[%emt 0:00:04]} 23. Rab1 {[%emt 0:00:01]} Ne7 {[%emt 0:00:02]} 24. bxc6 {[%emt 0:00:03]} bxc6 {[%emt 0:00:01]} 25. Rb6 {[%emt 0:00:02]} Nc8 {[%emt 0:00:02]} 26. Rb7 {[%emt 0:00:02]} Ne7 {[%emt 0:00:04]} 27. Rfb1 {[%emt 0:00:02]} Bc8 {[%emt 0:00:01]} 28. R7b6 {[%emt 0:00:04]} Bd7 {[%emt 0:00:06]} 29. Qb2 {[%emt 0:00:03]} Nc8 {[%emt 0:00:01]} 30. Rb8 {[%emt 0:00:06]} Ra7 {[%emt 0:00:01]} 31. Be2 {[%emt 0:00:07]} Kg8 {[%emt 0:00:02]} 32. Ne1 {[%emt 0:00:02]} Kh7 {[%emt 0:00:01]} 33. Nf3 {[%emt 0:00:01]} Ne8 {[%emt 0:00:01]} 34. Ng5+ {[%emt 0:00:01]} Kg7 {[%emt 0:00:02]} 35. Rb7 {[%emt 0:00:02]} Ra8 {[%emt 0:00:03]} 36. Nxe6+ {[%emt 0:00:01]} Kg8 {[%emt 0:00:04]} 37. Nxd8 {[%emt 0:00:01]} Rh7 {[%emt 0:00:05]} 38. e6 {[%emt 0:00:07]} Be7 {[%emt 0:00:03]} 39. exd7 {[%emt 0:00:02] Josey wales gibt auf (Lag: Av=0.29s, max=0.7s)} 1-0

[Event "Stay Safe Play From Home 243"]
[Site "Emanuel Lasker Arena"]
[Date "2020.06.21"]
[Round "5"]
[White "Galatasaray01"]
[Black "Skmishra"]
[Result "1-0"]
[WhiteElo "1294"]
[BlackElo "1171"]
[Annotator "NA"]
[PlyCount "93"]
[EventDate "2020.06.21"]
[EventType "swiss (blitz)"]

1. e4 {[%emt 0:00:05]} c5 {[%emt 0:00:15]} 2. Nf3 {[%emt 0:00:03]} d6 {[%emt 0:00:03]} 3. d4 {[%emt 0:00:02]} cxd4 {[%emt 0:00:03]} 4. Nxd4 {[%emt 0:00:01]} e5 {[%emt 0:00:01]} 5. Nf3 {[%emt 0:00:03]} Bg4 {[%emt 0:00:05]} 6. Be2 {[%emt 0:00:03]} Nf6 {[%emt 0:00:02]} 7. h3 {[%emt 0:00:02]} Be6 {[%emt 0:00:05]} 8. Nc3 {[%emt 0:00:01]} Nc6 {[%emt 0:00:03]} 9. Bb5 {[%emt 0:00:02]} Qc7 {[%emt 0:00:08]} 10. Bg5 {[%emt 0:00:05]} Be7 {[%emt 0:00:03]} 11. Nd5 {[%emt 0:00:05]} Qd8 {[%emt 0:00:20]} 12. Nxe7 {[%emt 0:00:07]} Qxe7 {[%emt 0:00:03]} 13. Nd2 {[%emt 0:00:11]} O-O {[%emt 0:00:02]} 14. Nf3 {[%emt 0:00:05]} h6 {[%emt 0:00:08]} 15. Bxh6 {[%emt 0:00:04]} gxh6 {[%emt 0:00:11]} 16. Qd2 {[%emt 0:00:01]} Kh7 {[%emt 0:00:07]} 17. Bd3 {[%emt 0:00:09]} Nh5 {[%emt 0:00:08]} 18. g4 {[%emt 0:00:14]} Nf4 {[%emt 0:00:02]} 19. O-O-O {[%emt 0:00:09]} Bxa2 {[%emt 0:00:25]} 20. b3 {[%emt 0:00:02]} Rac8 {[%emt 0:00:02]} 21. h4 {[%emt 0:00:15]} Nd4 {[%emt 0:00:02]} 22. Nxd4 {[%emt 0:00:04]} Nxd3+ {[%emt 0:00:04]} 23. Qxd3 {[%emt 0:00:03]} exd4 {[%emt 0:00:02]} 24. Qxd4 {[%emt 0:00:03]} Bxb3 {[%emt 0:00:04]} 25. Rd2 {[%emt 0:00:07]} Qc7 {[%emt 0:00:12]} 26. Qd3 {[%emt 0:00:23]} Be6 {[%emt 0:00:05]} 27. e5+ {[%emt 0:00:02]} Kh8 {[%emt 0:00:11]} 28. exd6 {[%emt 0:00:02]} Qc5 {[%emt 0:00:07]} 29. g5 {[%emt 0:00:08]} h5 {[%emt 0:00:08]} 30. g6 {[%emt 0:00:02]} f5 {[%emt 0:00:22]} 31. Rg1 {[%emt 0:00:15]} Kg7 {[%emt 0:00:04]} 32. Rg5 {[%emt 0:00:10]} Qe5 {[%emt 0:00:03]} 33. Re2 {[%emt 0:00:10]} Qa1+ {[%emt 0:00:03]} 34. Kd2 {[%emt 0:00:01]} Qa5+ {[%emt 0:00:05]} 35. Ke3 {[%emt 0:00:06]} f4+ {[%emt 0:00:08]} 36. Kf3 {[%emt 0:00:02]} Bd5+ {[%emt 0:00:06]} 37. Re4 {[%emt 0:00:06]} Bxe4+ {[%emt 0:00:14]} 38. Qxe4 {[%emt 0:00:02]} Qc3+ {[%emt 0:00:06]} 39. Kg2 {[%emt 0:00:04]} f3+ {[%emt 0:00:03]} 40. Kg3 {[%emt 0:00:02]} Qf6 {[%emt 0:00:12]} 41. Rxh5 {[%emt 0:00:12]} Qxd6+ {[%emt 0:00:02]} 42. Kh3 {[%emt 0:00:03]} Qe6+ {[%emt 0:00:06]} 43. Kh2 {[%emt 0:00:03]} Qd6+ {[%emt 0:00:07]} 44. Kg1 {[%emt 0:00:06]} Qd1+ {[%emt 0:00:05]} 45. Kh2 {[%emt 0:00:02]} Qd6+ {[%emt 0:00:04]} 46. Kh3 {[%emt 0:00:02]} Qd7+ {[%emt 0:00:03]} 47. Rf5 {[%emt 0:00:02] Time (Lag: Av=1.24s, max=2.2s)} 1-0

[Event "Stay Safe Play From Home 243"]
[Site "Emanuel Lasker Arena"]
[Date "2020.06.21"]
[Round "6"]
[White "Don59as"]
[Black "matanant"]
[Result "1/2-1/2"]
[WhiteElo "2089"]
[BlackElo "1801"]
[Annotator "NA RC"]
[PlyCount "138"]
[EventDate "2020.06.21"]
[EventType "swiss (blitz)"]

1. c4 {[%emt 0:00:02]} c5 {[%emt 0:00:12]} 2. Nc3 {[%emt 0:00:06]} Nc6 {[%emt 0:00:00]} 3. g3 {[%emt 0:00:01]} g6 {[%emt 0:00:01]} 4. Bg2 {[%emt 0:00:00]} Bg7 {[%emt 0:00:00]} 5. e3 {[%emt 0:00:02]} Nf6 {[%emt 0:00:01]} 6. Nge2 {[%emt 0:00:01]} O-O {[%emt 0:00:02]} 7. O-O {[%emt 0:00:02]} d6 {[%emt 0:00:02]} 8. b3 {[%emt 0:00:01]} Bd7 {[%emt 0:00:02]} 9. Bb2 {[%emt 0:00:01]} Re8 {[%emt 0:00:02]} 10. d4 {[%emt 0:00:01]} Qc8 {[%emt 0:00:03]} 11. Re1 {[%emt 0:00:05]} Bh3 {[%emt 0:00:04]} 12. Bh1 {[%emt 0:00:02]} cxd4 {[%emt 0:00:03]} 13. Nxd4 {[%emt 0:00:01]} Nxd4 {[%emt 0:00:10]} 14. Qxd4 {[%emt 0:00:04]} a6 {[%emt 0:00:15]} 15. Rac1 {[%emt 0:00:02]} Rb8 {[%emt 0:00:03]} 16. Nd5 {[%emt 0:00:09]} Qc5 {[%emt 0:00:12]} 17. Nxf6+ {[%emt 0:00:13]} Bxf6 {[%emt 0:00:03]} 18. Qxc5 {[%emt 0:00:01]} dxc5 {[%emt 0:00:02]} 19. Bxf6 {[%emt 0:00:01]} exf6 {[%emt 0:00:01]} 20. Rcd1 {[%emt 0:00:05]} Re7 {[%emt 0:00:04]} 21. Rd6 {[%emt 0:00:04]} Kg7 {[%emt 0:00:06]} 22. Red1 {[%emt 0:00:04]} b5 {[%emt 0:00:04]} 23. cxb5 {[%emt 0:00:29]} axb5 {[%emt 0:00:02]} 24. Rc6 {[%emt 0:00:03]} c4 {[%emt 0:00:09]} 25. Bd5 {[%emt 0:00:11]} cxb3 {[%emt 0:00:09]} 26. Bxb3 {[%emt 0:00:03]} Be6 {[%emt 0:00:04]} 27. Bxe6 {[%emt 0:00:10]} Rxe6 {[%emt 0:00:04]} 28. Rxe6 {[%emt 0:00:07]} fxe6 {[%emt 0:00:01]} 29. Rd7+ {[%emt 0:00:01]} Kg8 {[%emt 0:00:06]} 30. Kg2 {[%emt 0:00:05]} e5 {[%emt 0:00:02]} 31. Kf3 {[%emt 0:00:03]} f5 {[%emt 0:00:04]} 32. g4 {[%emt 0:00:02]} e4+ {[%emt 0:00:06]} 33. Kf4 {[%emt 0:00:02]} Ra8 {[%emt 0:00:01]} 34. gxf5 {[%emt 0:00:07]} gxf5 {[%emt 0:00:06]} 35. Rd2 {[%emt 0:00:11]} Rf8 {[%emt 0:00:08]} 36. Rd5 {[%emt 0:00:02]} Ra8 {[%emt 0:00:07]} 37. Rd2 {[%emt 0:00:06]} Rf8 {[%emt 0:00:02]} 38. Rb2 {[%emt 0:00:01]} Kg7 {[%emt 0:00:11]} 39. Rxb5 {[%emt 0:00:03]} Kg6 {[%emt 0:00:01]} 40. Rb6+ {[%emt 0:00:02]} Kh5 {[%emt 0:00:04]} 41. a4 {[%emt 0:00:05]} Ra8 {[%emt 0:00:13]} 42. Rb5 {[%emt 0:00:11]} Rxa4 {[%emt 0:00:07]} 43. Rxf5+ {[%emt 0:00:01]} Kg6 {[%emt 0:00:01]} 44. Rg5+ {[%emt 0:00:14]} Kf6 {[%emt 0:00:03]} 45. Rh5 {[%emt 0:00:02]} Kg6 {[%emt 0:00:02]} 46. Re5 {[%emt 0:00:04]} Ra2 {[%emt 0:00:02]} 47. Kg3 {[%emt 0:00:02]} Ra4 {[%emt 0:00:01]} 48. h4 {[%emt 0:00:01]} h5 {[%emt 0:00:02]} 49. Rg5+ {[%emt 0:00:04]} Kh6 {[%emt 0:00:02]} 50. Kf4 {[%emt 0:00:01]} Rb4 {[%emt 0:00:03]} 51. Rd5 {[%emt 0:00:08]} Rb2 {[%emt 0:00:11]} 52. Kg3 {[%emt 0:00:02]} Rb6 {[%emt 0:00:09]} 53. f4 {[%emt 0:00:11]} exf3 {[%emt 0:00:10]} 54. Kxf3 {[%emt 0:00:01]} Rf6+ {[%emt 0:00:01]} 55. Ke4 {[%emt 0:00:01]} Rg6 {[%emt 0:00:01]} 56. Kf5 {[%emt 0:00:06]} Rg4 {[%emt 0:00:16]} 57. Rd4 {[%emt 0:00:01]} Rg1 {[%emt 0:00:03]} 58. Rd6+ {[%emt 0:00:02]} Kh7 {[%emt 0:00:02]} 59. e4 {[%emt 0:00:01]} Rg4 {[%emt 0:00:03]} 60. e5 {[%emt 0:00:01]} Rxh4 {[%emt 0:00:01]} 61. Rd7+ {[%emt 0:00:02]} Kg8 {[%emt 0:00:02]} 62. e6 {[%emt 0:00:00]} Rh1 {[%emt 0:00:03]} 63. Kg6 {[%emt 0:00:01]} Rg1+ {[%emt 0:00:04]} 64. Kxh5 {[%emt 0:00:01]} Kf8 {[%emt 0:00:01]} 65. Kh6 {[%emt 0:00:05]} Ke8 {[%emt 0:00:02]} 66. Ra7 {[%emt 0:00:02]} Re1 {[%emt 0:00:02]} 67. Ra6 {[%emt 0:00:01]} Ke7 {[%emt 0:00:01]} 68. Kg5 {[%emt 0:00:01]} Rxe6 {[%emt 0:00:04]} 69. Rxe6+ {[%emt 0:00:01]} Kxe6 {[%emt 0:00:01] (Lag: Av=0.74s, max=1.4s)} 1/2-1/2